| 000 | 02508cam a2200349 a 4500 | ||
|---|---|---|---|
| 001 | 17667552 | ||
| 003 | PILC | ||
| 005 | 20150804153841.0 | ||
| 008 | 130319s2013 caua b 001 0 eng | ||
| 010 | _a 2013011323 | ||
| 020 | _a9781118505632 (hardback) | ||
| 035 | _a(DNLM)101604371 | ||
| 040 |
_aDNLM/DLC _cDLC _dDLC |
||
| 042 | _apcc | ||
| 050 | 0 | 0 |
_aRA 971.3 _b.T73 2013 |
| 060 | 1 | 0 | _aW 84 AA1 |
| 082 | 0 | 0 | _a362.1068 |
| 245 | 0 | 0 |
_aTransforming health care leadership : _ba systems guide to improve patient care, decrease costs, and improve population health / _cMichael Maccoby, Clifford L. Norman, C. Jane Norman, Richard Margolies. |
| 250 | _a1st ed. | ||
| 260 |
_aSan Francisco : _bJossey-Bass, _c2013. |
||
| 300 |
_axxx, 384 pages : _billustrations ; _c24 cm. |
||
| 500 | _aIncludes bibliographical references and index. | ||
| 505 | 0 | _aIntroduction : from management myths to strategic intelligence -- Why and how health care organizations need to change -- Leading health care change -- Developing a leadership philosophy -- Leading with strategic intelligence and profound knowledge -- Changing health care systems with systems thinking -- Statistical thinking for health care leaders -- Understanding the psychology of collaborators -- A health care leader's role in building knowledge -- Three case studies : mastering change -- Leading change : first steps in employing strategic intelligence to get results. | |
| 520 | _a"Health care organizations are challenged to improve care at the bedside for patients, learn from individual patients to improve population health, and reduce per capita costs. To achieve these aims, leaders are needed in all parts of the organization need positive solutions. Transforming Health Care Leadership provides healthcare leaders with the knowledge and tools to master the unprecedented level of change that health care organizations and their leaders now face. It also challenges management myths that served in bureaucracies but mislead in learning organizations"--Provided by publisher. | ||
| 650 | 2 | 2 |
_aLeadership _zUnited States. |
| 650 | 1 | 2 |
_aDelivery of Health Care _xorganization & administration _zUnited States. |
| 650 | 2 | 2 |
_aOrganizational Innovation _zUnited States. |
| 700 | 1 |
_aMaccoby, Michael, _d1933- |
|
| 776 | 0 | 8 |
_iOnline version: _tTransforming health care leadership _b1st ed. _dSan Francisco : Jossey-Bass, c2013 _z9781118603994 _w(DLC) 2013012230 |
| 906 |
_a7 _bcbc _corignew _d1 _eecip _f20 _gy-gencatlg |
||
| 942 |
_2lcc _cBK _kFOR |
||
| 999 |
_c288316 _d288316 |
||